Determination of key performance indicators (KPIs) of a successful project cost estimate in the Nigerian construction industry (Record no. 84818)
[ view plain ]
| 000 -LEADER | |
|---|---|
| fixed length control field | 00976cab a22002655a 4500 |
| 001 - CONTROL NUMBER | |
| control field | L159168 |
| 008 - FIXED-LENGTH DATA ELEMENTS--GENERAL INFORMATION | |
| fixed length control field | 120710s2016 xxk 000 0 eng d |
| 035 ## - SYSTEM CONTROL NUMBER | |
| System control number | (Sirsi) u159168 |
| 041 0# - LANGUAGE CODE | |
| Language code of text/sound track or separate title | eng |
| 050 ## - LIBRARY OF CONGRESS CALL NUMBER | |
| Classification number | 692.5 |
| 100 1# - MAIN ENTRY--PERSONAL NAME | |
| Personal name | Nwatarali, E.O. |
| 245 00 - TITLE STATEMENT | |
| Title | Determination of key performance indicators (KPIs) of a successful project cost estimate in the Nigerian construction industry |
| 260 ## - PUBLICATION, DISTRIBUTION, ETC. | |
| Date of publication, distribution, etc. | 2016 |
| 490 ## - SERIES STATEMENT | |
| Series statement | Project Control Professional |
| Volume/sequential designation | 54(1) February 2016, 17-22(6) |
| 520 ## - SUMMARY, ETC. | |
| Summary, etc. | Highlights the imprecision of cost estimates in Nigeria. Identifies, ranks and shows the relationships between the various key performance indicators (KPIs) affecting the success of project cost estimates. |
| 590 ## - LOCAL NOTE (RLIN) | |
| Local note | KA |
| 650 24 - SUBJECT ADDED ENTRY--TOPICAL TERM | |
| Topical term or geographic name entry element | KEY PERFORMANCE INDICATORS |
| 650 24 - SUBJECT ADDED ENTRY--TOPICAL TERM | |
| Topical term or geographic name entry element | COST ESTIMATING |
| 651 #4 - SUBJECT ADDED ENTRY--GEOGRAPHIC NAME | |
| Geographic name | Nigeria |
| 690 ## - LOCAL SUBJECT ADDED ENTRY--TOPICAL TERM (OCLC, RLIN) | |
| Topical term or geographic name as entry element | Project management |
| 9 (RLIN) | 6261 |
| 690 ## - LOCAL SUBJECT ADDED ENTRY--TOPICAL TERM (OCLC, RLIN) | |
| Topical term or geographic name as entry element | Construction management |
| 9 (RLIN) | 6230 |
| 700 1# - ADDED ENTRY--PERSONAL NAME | |
| Personal name | Dim, N.U. |
| 700 1# - ADDED ENTRY--PERSONAL NAME | |
| Personal name | Okorocha, K.A. |
| 942 ## - ADDED ENTRY ELEMENTS (KOHA) | |
| Suppress in OPAC | 0 |
| Withdrawn status | Lost status | Source of classification or shelving scheme | Damaged status | Not for loan | Home library | Current library | Shelving location | Date acquired | Total Checkouts | Full call number | Barcode | Date last seen | Copy number | Price effective from | Koha item type |
|---|---|---|---|---|---|---|---|---|---|---|---|---|---|---|---|
| Dewey Decimal Classification | London | London | Journal article | 23/02/2016 | L159168 | 159168-1001 | 06/08/2019 | 1 | 06/08/2019 | Journal article |